MARC

LEADER 00000nam0a2200000 4500
001 272627
005 20231101234543.0
035 |a (RuTPU)RU\TPU\book\295834 
090 |a 272627 
100 |a 20141020d1987 k y0rusy50 ca 
101 0 |a rus 
102 |a UA 
105 |a a z 001zy 
200 1 |a Физическое моделирование в геоэлектрике  |f М. Н. Бердичевский [и др.]  |g Академия наук Украинской ССР (АН УССР), Институт прикладных проблем механики и математики 
210 |a Киев  |c Наукова думка  |d 1987 
215 |a 140 с.  |c ил. 
320 |a Библиогр.: с. 132-138 
606 1 |a Геоэлектричество  |2 stltpush  |3 (RuTPU)RU\TPU\subj\6314  |9 34237 
610 1 |a физическое моделирование 
610 1 |a геоэлектрика 
610 1 |a электромагнитное поле 
610 1 |a установки 
610 1 |a неоднородности 
675 |a 550.37  |v 3 
701 1 |a Бердичевский  |b М. Н. 
701 1 |a Мороз  |b И П. 
701 1 |a Кобзова  |b В. М. 
701 1 |a Билинский  |b А. И. 
712 0 2 |a Академия наук Украинской ССР (АН УССР)  |b Институт прикладных проблем механики и математики  |2 stltpush  |3 (RuTPU)RU\TPU\col\11857 
801 1 |a RU  |b 63413507  |c 20141020 
801 2 |a RU  |b 63413507  |c 20161229  |g RCR 
942 |c BK